Autobiography of god (Record no. 234511)
[ view plain ]
| 000 -LEADER | |
|---|---|
| fixed length control field | 01615nam a22002177a 4500 |
| 005 - DATE AND TIME OF LATEST TRANSACTION | |
| control field | 20250623152832.0 |
| 008 - FIXED-LENGTH DATA ELEMENTS--GENERAL INFORMATION | |
| fixed length control field | 250623b |||||||| |||| 00| 0 eng d |
| 020 ## - INTERNATIONAL STANDARD BOOK NUMBER | |
| International Standard Book Number | 9780143466840 |
| 040 ## - CATALOGING SOURCE | |
| Transcribing agency | AL |
| 041 ## - LANGUAGE CODE | |
| Language code of text/sound track or separate title | English |
| 082 ## - DEWEY DECIMAL CLASSIFICATION NUMBER | |
| Classification number | 158.1 |
| Item number | KUMA |
| 100 ## - MAIN ENTRY--PERSONAL NAME | |
| Personal name | Lenaa Kumar |
| 100 ## - MAIN ENTRY--PERSONAL NAME | |
| 9 (RLIN) | 215784 |
| 245 ## - TITLE STATEMENT | |
| Title | Autobiography of god |
| Remainder of title | : self realization in 5 practical steps |
| 260 ## - PUBLICATION, DISTRIBUTION, ETC. | |
| Place of publication, distribution, etc. | Gurugram |
| Name of publisher, distributor, etc. | Penguin Random House India Pvt Ltd |
| Date of publication, distribution, etc. | 2024 |
| 300 ## - PHYSICAL DESCRIPTION | |
| Extent | xxi,130p. |
| Other physical details | PB |
| Dimensions | 20x13cm. |
| 365 ## - TRADE PRICE | |
| Price type code | KSCR-000227 |
| Price amount | ₹239.00 |
| Currency code | ₹ |
| Unit of pricing | ₹299.00 |
| Price note | 20% |
| Price effective from | 20-06-2025 |
| 520 ## - SUMMARY, ETC. | |
| Summary, etc. | Are you a seeker, rebel, non-conformist and free-spirit? Yes? … This book is for you.<br/><br/>This book is for the rational, the practical, the seeker, the non-conformist, the leader, the rebel and the free spirit . . . This book is for you, dear reader, to destroy your self-limiting beliefs and realize your full potential.<br/><br/>As this journey of self-discovery spanning eighteen years unfolds, Lenaa keeps a promise she made to herself during her darkest hours: ‘If I can stay off psychiatric medication for two years, I will write a book for fellow sufferers of anxiety, depression and the rigid psychiatric system.’ Now, five years later, the clarity has distilled down to five questions, one answer and a system of instant self-realization.<br/>What am I? Who am I? Where am I? When am I? Why am I?<br/>Can you answer these questions to your own satisfaction? If the answer is not a definite ‘Yes’, dive right into The Autobiography of God. |
| 650 ## - SUBJECT ADDED ENTRY--TOPICAL TERM | |
| Topical term or geographic name entry element | Self-realization |
| 9 (RLIN) | 215785 |
| 650 ## - SUBJECT ADDED ENTRY--TOPICAL TERM | |
| Topical term or geographic name entry element | Self-actualization (Psychology) |
| 9 (RLIN) | 215786 |
| 942 ## - ADDED ENTRY ELEMENTS (KOHA) | |
| Source of classification or shelving scheme | Dewey Decimal Classification |
| Koha item type | Book |
| Withdrawn status | Lost status | Source of classification or shelving scheme | Damaged status | Not for loan | Collection code | Home library | Current library | Date acquired | Source of acquisition | Cost, normal purchase price | Total Checkouts | Full call number | Barcode | Date last seen | Date last checked out | Cost, replacement price | Price effective from | Koha item type |
|---|---|---|---|---|---|---|---|---|---|---|---|---|---|---|---|---|---|---|
| Dewey Decimal Classification | General | St Aloysius Library | St Aloysius Library | 06/23/2025 | Navakarnataka Publications Pvt. Ltd. Mangaluru-575001 | 239.00 | 3 | 158.1 KUMA | 077687 | 02/16/2026 | 02/07/2026 | 299.00 | 06/20/2025 | Book |